你剛吃了韭菜水餃? : 我那些可恨又可愛的病人們

資料類型: Book 圖書   書目號:47022

Leader xxxxxxxxxx
001 __ PCLIS00047022
005 __ 20210726091037.0
010 0_ |a978-986-5853-075|b平裝|dNT$250
100 __ |a20130618d2013    m  y0chiy09      e
101 0_ |achi
102 __ |atw
105 __ |aa   a   000cy
200 1_ |a你剛吃了韭菜水餃?|e我那些可恨又可愛的病人們|f林峰丕著
205 __ |a初版
210 __ |a臺北市|c原水文化|d2013[民102]
215 0_ |a249面|c|d21公分
225 1_ |a悅讀健康系列|v94
300 __ |a著者為牙醫師
300 __ |a本館館藏附作者簽名
606 __ |2cst|a醫病關係
606 __ |2cst|a散文
681 __ |a855|b8764
700 1_ |a|b峰丕|4801 _0 |bCEG
801 _1 |atw|b內湖高中|c20140523|gCCR
801 _2 |atw|b內湖高中|c20210726|gCCR
詳細館藏(共 1 筆)
索 書 號登 錄 號冊次號館別 / 館藏地流通類型狀態加入預約清單電子資源
855 / 8764 2019532  圖書館 / 一樓普通區 可外借30天 在館   

| 條列資料




目錄查詢 分類查詢 個人資料 圖書薦購 新書查詢 閉館日 排行榜 更多電子資源 Hami書城 線上資料庫 登出

From : 216.73.216.116

  本日流通累計至 19:59:25 借閱 : 6 次 續借 : 0 次 歸還 : 8 次 預約 : 0 次 電子資源 : 0 次


內湖高中圖書館  PCLIS 版本  25.5.0.2